00703nam a22001937a 4500999001900000005001700019010001500036020002600051035001400077037001300091082000600104100002200110245008100132260004700213270008000260300002100340942002000361952012800381 c169426d16942620191119161713.0 aENG-126928 c399.00a9789389231090 aEN-110460 bDBAD/PUB aS aVerghese, Namrata aThe juvenile immigrant :cby Namrata VerghesebIndian stories from America / aNew DelhibSpeaking Tiger Publishingc2019 a4381/4, Ansari Road, e110002bDaryaganj,New Delhimcontact@zubaanbooks.com a169p.c19cm(pbk) 2ddccENhSmVER 001040708FICaLbLd2019-11-19eDBAD/PUBg399.00l2m2oS VERpEN-110460r2026-06-05 15:46:00s2026-05-08t1v399.00yEN